000 01303nam0a2200337 4500
001 RU\NLR\BIBL_A\022702493
005 20260406134243.0
010 _a978-5-9955-1264-6
_91000
021 _aRU
_bКН-П-25-071926
_9КН-П-25-6967
035 _a(NLR Aleph) 022702493
090 _a13646980
_c13646980
100 _a20260116d2025 k y0rusy50 ca
101 0 _arus
102 _aRU
105 _aacd z 000yy
181 0 _ai
_baxxe
182 0 _an
200 1 _aБроненосцы типа "Кайзер Фридрих III"
_e"Императоры" флота Второго рейха
_fВалерий Мужеников
203 _aТекст
_bвизуальный
_cнепосредственный
210 _aМосква
_cЯуза
_d2025
215 _a143 с., [16] л. ил., цв. ил., портр., карт.
_cил., портр.
_d26
225 1 _aВойна на море
320 _aБиблиогр.: с. 143 (9 назв.)
333 _a16+
606 1 _aБроненосцы типа "Кайзер Фридрих III"
_92701795
_3RU\NLR\AUTH\6601767970
686 1 _aЦ661.12(4Г)
700 1 _aМужеников
_bВ. Б.
_gВалерий Борисович
942 _cBOOK
980 _aNB